000 00555nam a2200193Ia 4500
003 GCL
008 140319s9999 xx 000 0 eng d
040 _aGCL /
_cGCL
082 0 4 _a511.3
_bF I
100 1 _aFENTON, WILLIAM E
245 1 0 _aINTRODUCTION TO DISCRETE MATHEMATICS WITH ISETL /
_cFENTON, WILLIAM E
700 1 _aDUBINSKY, ED
260 _a[S.N] :
_bSPRINGER - VERLAG ،
_c1996
300 _a194 P
650 0 4 _aISETL ( COMPUTER PROGAME LANGUAGE )
650 0 4 _aMATHEMATICS
650 0 4 _aCOMPUTER SCIENCE - MATHEMATICS
942 _2ddc
_cBK
999 _c13752
_d13752